000
00204 a2200097 4500
001
2371
100
_a
Bradbrooke,FD
245
_a
Light Aeroplane Manual,The
260
_a
_b
oxford
_c
090
_c
1724
_d
1724
942
_a
NUST-CAE
_c
M
_c
8047
999
_c
237444
_d
237444